|
|
|
|
| LEADER |
00673ntm a2200169 i 4500 |
| 001 |
misc57230 |
| 005 |
20200928093606.0 |
| 008 |
200624s1959 hu o 0|| eng d |
| 040 |
|
|
|a SZTE Miscellanea Repozitórium
|b hun
|
| 041 |
|
|
|a eng
|
| 100 |
1 |
|
|a Hu Shihua
|
| 245 |
1 |
0 |
|a Hu Shih-Hua [Hu Shihua] a Pekingi Kínai Tudományos Akadémia matematikus-professzorának levele Kalmár Lászlóhoz [3.]
|h [elektronikus dokumentum] /
|c Hu Shihua
|
| 260 |
|
|
|c 1959-12-27
|
| 300 |
|
|
|a 2 fol.
|c 25 x 21 cm
|
| 561 |
|
|
|a Kalmár László kínai hagyaték
|
| 695 |
|
|
|a Levelezés - Hu Shih-hua - Kalmár László
|
| 856 |
4 |
0 |
|u http://misc.bibl.u-szeged.hu/57230/1/kalmar_017_06.pdf
|z Dokumentum-elérés
|